Muzej ukrajinskoji kuľtury u Svydnyku, ČSSR - ekspozycija etnografiji, seljanska chata jiz Ruskoji Bystroji, 19st.
Zobrazenie: Na ľavej strane za drevenou truhlicou sú dvere do izby. Vzadu v ľavom kúte stojí murovaná pec, na nej sú umiestnené hlinené džbány, drevená nádoba na vodu, lopár s dlhou rúčkou na chlieb. Pod povalovou hradou visí uterák a polica s varechami. V pravom kúte izby stojí posteľ s perinou a n...
| Ďalší autori: | |
|---|---|
| Médium: | Fotografia |
| Jazyk: | ukrajinčina angličtina nemčina slovenčina |
| PhysicalDescription: | 1 pohľadnica čiernobiela 11 x 15 cm |
| Vydavateľské údaje: |
Praha
Pressfoto
[nie pred 1963]
|
| Predmet: |
MARC
| LEADER | 00000nkm a2200000 a 4500 | ||
|---|---|---|---|
| 001 | vtls011768229 | ||
| 003 | SK-MaSNL | ||
| 005 | 20260331211523.0 | ||
| 007 | kf bo | ||
| 008 | 230718q1963 xr g kuukr | ||
| 015 | |a SNBG | ||
| 035 | |a urn:nbn:sk:snk-km00dn7q | ||
| 035 | |a urn:nbn:sk:snk-km3m01u | ||
| 035 | |a 07033A84-9E97-4B62-B99C-7589039270DA | ||
| 040 | |a SNK |b slo |c SNK |e AACR2 | ||
| 041 | 0 | |a ukr |a eng |a ger |a slo | |
| 043 | |a e-xo--- | ||
| 044 | |a xr |c CZ | ||
| 072 | 7 | |a 913 |x Regionálna geografia |2 konspekt | |
| 080 | |a 913(437.6) |2 2011 | ||
| 080 | |a 069.5 |2 2011 | ||
| 080 | |a (084.121) |2 2011 | ||
| 100 | 1 | |a Vydra, Vladimír |c (fotograf) |4 pht |9 338347 | |
| 245 | 1 | 0 | |a Muzej ukrajinskoji kuľtury u Svydnyku, ČSSR - ekspozycija etnografiji, seljanska chata jiz Ruskoji Bystroji, 19st. |h grafika |c foto Vladimír Vydra |
| 246 | 3 | 1 | |a Múzeum ukrajinskej kultúry vo Svidníku, ČSSR, expozícia národopisu, sedliacka izba z konca 19. st. (Ruská Bystrá) |
| 246 | 3 | 1 | |a Museum of Ukrainian Culture in Svidnik, Czechoslovakia - folklore exhibition, peasant room from the late 19th century (Ruská Bystrá) |
| 246 | 3 | 1 | |a Museum der ukrainischen Kultur in Svidnik, ČSSR - Ethnographie-Exposition, Bauernstube aus dem ausgehen-den 19. Jh. (Ruská Bystrá) |
| 260 | |a Praha |b Pressfoto |c [nie pred 1963] | ||
| 300 | |a 1 pohľadnica |b čiernobiela |c 11 x 15 cm | ||
| 520 | 8 | |a Zobrazenie: Na ľavej strane za drevenou truhlicou sú dvere do izby. Vzadu v ľavom kúte stojí murovaná pec, na nej sú umiestnené hlinené džbány, drevená nádoba na vodu, lopár s dlhou rúčkou na chlieb. Pod povalovou hradou visí uterák a polica s varechami. V pravom kúte izby stojí posteľ s perinou a navŕšenými vankúšmi. Na pravej strane izby sú dve okná a nad nimi tri maľované taniere. Pod oknami je drevená lavica, oproti nej stôl s hlinenou misou a malý stolček | |
| 546 | |a Súbežný názov v eng., ger., slo. | ||
| 650 | 0 | 7 | |a múzeá |2 SNKPH |9 4119 |
| 650 | 0 | 7 | |a múzejné zbierky |2 SNKPH |9 69988 |
| 651 | 7 | |a Svidník (Slovensko) |2 SNKPHgeo |9 28309 | |
| 655 | 7 | |a miestne pohľadnice |2 SNKPH |9 70510 | |
| 852 | |a Slovenská národná knižnica | ||
| 954 | |a pohľadnice pôvodné (slovenské) |2 lita | ||
| 954 | |a pohľadnice cudzojazyčné (svetové) |2 lita | ||
| 958 | |a GBN | ||
| 958 | |a GC | ||
| 958 | |a OND | ||
| 958 | |a EUIPO | ||
| 999 | |c 856972 |d 858902 | ||
| 952 | |a SNK |b SNK |y PREZ |7 0 |p 17A1280058 |o snkSP 51425 |0 0 |1 0 |4 0 |d 2018-07-23 |f 1 |l 0 |r 2026-02-24 05:00:30 |w 2026-02-24 | ||


